000 01443cam a22002294a 4500
005 20250605163950.0
008 250528s ||||||||||||||||||||||||d
035 _a15366
020 _a201433893
040 _aGR-AtMCL
_bgre
_dGR-AtMCL
_eAACR2
245 1 _aGlobalizing People Through International Assignments
260 _bAllyn And Bacon,
_c1999
300 _a306
520 _aThis book is written primarily for the executive who must deal with the global economy and the strategic role of people in achieving international competitiveness. Preface, Introduction, The Strategic Roles of Global Assignments, The Process of Making Cross-Cultural Adjustments, Before the Assignment, Selecting: Finding the Right People, Training: Helping People Learn to Do the Right Things, During the Assignment, Adjusting: Developing New Mental Maps and Behaviors, Integrating: Balancing Dual Allegiance, Appraising: Determining If People Are Doing the Right Things, Rewarding: Recognizing People When They Do Things Right, After the Assignment, Repatriating: Helping People Readjust and Perform, Retaining: Utilizing the Experienced Global Manager, Managing the Entire Global Assignment Cycle: Establishing Best Practices, References, Index.
700 1 _aBlack Stewart J.
_91268
700 1 _aGregersen B. Hal
_91269
700 1 _aMendenhall E. Mark
_91270
700 1 _aStroh K. Linda
_91271
942 _cBK
999 _c953
_d953